A reális orrszarvú Rinocérosz a Kisszínházban /
Elmentve itt :
| Szerző: | |
|---|---|
| Dokumentumtípus: | Cikk |
| Megjelent: |
1988-04-08
|
| Sorozat: | Délmagyarország
78 No. 83 |
| Kulcsszavak: | Kamaraszínház |
| Online Access: | http://dmarchiv.bibl.u-szeged.hu/120212 |
| LEADER | 00481nab a2200157 i 4500 | ||
|---|---|---|---|
| 001 | delm120212 | ||
| 005 | 20190926130027.0 | ||
| 008 | 190926s1988 hu o 0|| hun d | ||
| 040 | |a SZTE Délmagyarország Archívum |b hun | ||
| 041 | |a hun | ||
| 100 | 1 | |a Domonkos László | |
| 245 | 1 | 2 | |a A reális orrszarvú |h [elektronikus dokumentum] : |b Rinocérosz a Kisszínházban / |c Domonkos László |
| 260 | |c 1988-04-08 | ||
| 300 | |a 5 | ||
| 490 | 0 | |a Délmagyarország |v 78 No. 83 | |
| 695 | |a Kamaraszínház | ||